|
|
|
|
| LEADER |
00000nab a2200000 a 4500 |
| 001 |
vtls000165977 |
| 003 |
SK-MaSNL |
| 005 |
20260304071217.0 |
| 008 |
250422c1983 xo 0 slo |
| 015 |
|
|
|a SNBRB19rr/mm-uuuuu
|
| 035 |
|
|
|a CL0176088
|
| 035 |
|
|
|a urn:nbn:sk:snk-ab9p62
|
| 035 |
|
|
|a (urnnbn)urn:nbn:sk:snk:ar-a08n6u
|
| 035 |
|
|
|a (uuid)eab0606d-8c77-4309-833a-ee852f2db5db
|
| 040 |
|
|
|a SNKBUCL
|b slo
|c SNKBUCL
|e AACR2
|
| 041 |
0 |
|
|a slo
|
| 044 |
|
|
|a xo
|c SK
|
| 080 |
|
|
|a 338.48
|2 1981
|
| 080 |
|
|
|a 339.923(100-11)
|2 1981
|
| 100 |
1 |
|
|a Baďurová, Ivana
|4 aut
|9 1358046
|
| 245 |
1 |
0 |
|a Význam medzinárodných dohôd pri prehlbovaní integračných procesov v zahraničnom cestovnom ruchu krajín RVHP
|c Ivana Baďurová
|
| 300 |
|
|
|b Res. rus., nem., angl., franc.
|
| 650 |
0 |
7 |
|a ruch cestovný
|2 snkbucl
|9 467000
|
| 650 |
0 |
7 |
|a Rada vzájomnej hospodárskej pomoci
|2 snkbucl
|9 920973
|
| 655 |
|
7 |
|a články z novín a časopisov
|2 snkbucl
|9 267496
|
| 773 |
0 |
|
|t Ekonomická revue cestovného ruchu
|g Roč. 16, č. 3 (1983), s. 118-122
|
| 850 |
|
|
|a Slovenská národná knižnica
|
| 852 |
|
|
|a Slovenská národná knižnica
|
| 954 |
|
|
|a odborná, vedecká literatúra pôvodná (slovenská)
|2 lita
|
| 958 |
|
|
|a article13
|
| 958 |
|
|
|a OND
|
| 958 |
|
|
|a RK
|
| 958 |
|
|
|a EUIPO
|
| 992 |
|
|
|a RBX
|
| 999 |
|
|
|c 2759430
|d 2761360
|